02462nam a2200397 a 450000100100000000500170001000800410002702000150006804000250008308200210010824501290012926000440025830000280030259000270033050000730035750002930043050500430072365000210076665000540078765000550084165100680089670000330096470000310099770000380102871000610106671000810112791000370120895201210124595201210136695201220148795201070160995201120171695201070182895201120193599900170204700002447420251120073732.0110128s2005 dr a 000 0 spa d a994541500X aDO-SdBNPbspacBNPHU a320.97293bD383v03aLa democracia vulnerable :binsatisfacción y desconfianza (1994-2004) /ccoorrdinadora general Ramonina Brea... [et. al.]. aSanto Domingo :bPUCMM : CESDEM,c2005. a2v.. :bgraf. ;c29 cm. aInventariado, 2018/ YL aIncluye referencias bibliográficas y notas al pie de las páginas aBasado en los resultados de la cuarta Encuesta Nacional de Cultura Política y Democracia (Demos 2004), esta dirigida a conocer la visión compartida, las actidutes , creencias acerca de la democracia, el sistema político y la gestión gubernamental de las dominicanas y dominicanos.0 gv.1. -tInforme final.gv.2 -tResumen 0aDemocracia 9286 4aPolítica culturalzRepública Dominicana91984 4aOpinión públicaxRepública dominicana950173 4aRepública DominicanaxPolítica Y Gobiernoy1994-200495017412aBrea, Ramoninaecoord.9831912aDuarte, Isisecoord.9212312aSeligson, Mitchellecoord.9501752 aPontificia Universidad Católica Madre y Maestra 98432 aCentro de Estudios Sociales y Demográficos (República Dominicana)954618 aValidado. Control de calidad MFF 001054708PDaGRbGRcHDd2011-01-28iLF1l0ov.1, e.3p24474-30r2020-06-25w2020-06-25yLFPDZPréstamo en sala 001054708PDaGRbGRcHDd2014-03-10iLF1l0ov.1, e.4p24474-40r2020-06-25w2020-06-25yLFPDZPréstamo en sala 001054708PDaGRbGRcHDd2014-04-02iLF1l0ov.2, e.3p24474-70r2020-06-25w2020-06-25yLFPDZPréstamo en sala 0010718PDaPDbPDcHDd2011-01-28iLF1l0ov.1p24474-10r2020-06-25w2020-06-25yLFPDZNo se presta 0010718PDaPDbPDcHDd2011-01-28iLF1l0ov.1, e.2p24474-20r2020-06-25w2020-06-25yLFPDZNo se presta 0010718PDaPDbPDcHDd2014-03-10iLF1l0ov.2p24474-50r2020-06-25w2020-06-25yLFPDZNo se presta 0010718PDaPDbPDcHDd2014-04-02iLF1l0ov.2, e.2p24474-60r2020-06-25w2020-06-25yLFPDZNo se presta c23967d23967